000 00873nam a2200181 a 4500
008 120416s1983 ||||||||||||||||| || u
050 _aHD 62.5 Kur
100 _aKuriloff, Arthur H
245 1 0 _aStarting and managing the small business
260 _aNew York
_bMcGraw-Hill
_c[1983]
300 _axv, 592p. : ill.
350 _a0.00
650 _aSMALL BUSINESS--MANAGEMENT
650 0 _aBUSINESS
995 _aMAIN LIBRARY OPEN ACCESS
_D0.00
_e707209
_FCBU-MAIN LIBRARY (Kitwe)
_H2
_I0.00
_jHD 62.5 Kur
_M2
_UAVAILABLE
_y007131
_ZMain Library Open Access Collection
995 _aMAIN LIBRARY OPEN ACCESS
_D0.00
_e707210
_FCBU-MAIN LIBRARY (Kitwe)
_H1
_I0.00
_jHD 62.5 Kur
_M3
_UAVAILABLE
_y018716
_ZMain Library Open Access Collection
995 _aBINDERY (DAMAGED)
_D0.00
_e707211
_FCBU-MAIN LIBRARY (Kitwe)
_H3
_I0.00
_jHD 62.5 Kur
_M1
_UDAMAGED
_y003899
_ZMain Library Open Access Collection
999 _c76744
_d76744